| 000 | 005220000a22001690004500 | ||
|---|---|---|---|
| 090 |
_aAR _b02056 |
||
| 245 | 1 | 0 | _aLittle-recognised species of Heliconius butterfly (<Nymphalidae>) |
| 650 | 1 | 4 |
_aTaxonomía animal _98245 |
| 650 | 1 | 4 |
_aEntomología _94483 |
| 650 | 1 | 4 |
_aMariposas _993025 |
| 651 | 4 |
_pAmérica del Sur _992749 |
|
| 653 |
_fNymphalidae _gHeliconius |
||
| 041 | 0 | _aInglés | |
| 100 | 1 |
_aTurner, John R. G. _995530 |
|
| 942 | _cARTICULO | ||
| 773 | 1 |
_tJournal of Research on the Lepidoptera _3691 _h2 _q97-112 _d1966 _g5 |
|
| 999 |
_c11133 _d11133 |
||